Normal view
MARC view
Entry Personal Name
001 - CONTROL NUMBER
- control field: 57529
003 - CONTROL NUMBER IDENTIFIER
- control field: dpl
005 - DATE AND TIME OF LATEST TRANSACTION
- control field: 20230927113727.0
008 - FIXED-LENGTH DATA ELEMENTS
- fixed length control field: 230927|| aca||aabn | a|a d
040 ## - CATALOGING SOURCE
- Original cataloging agency: dpl
- Transcribing agency: dpl
100 ## - HEADING--PERSONAL NAME
- Personal name: Rao, C N Shankar
670 ## - SOURCE DATA FOUND
- Source citation: Work cat.: (dpl)198580: Rao, C N Shankar, Sociology:, 2021
